000 00341nam a22001457a 4500
003 OSt
008 251104b |||||||| |||| 00| 0 eng d
020 _a9781529926941
082 _a895.63 MUC
100 _aMURAKAMI,Haruki
245 _aThe City and its Uncertain Walls
260 _aUK
_bPenguin
_c2025
300 _a449
942 _2ddc
_cREF
999 _c13760
_d13760